00497nam a2200193Ia 4500008004100000041001200041082001200053100001900065245003700084260004400121300000800165365000800173520001200181546001200193630003700205650001200242655001200254730003700266101110s9999 xx 000 0 und d aENGLISH bSR27739 aKumar A. Anand aFundamentals of Digital circuits c2005bPrentice Hall of India, New delhi a664 b295 aPhysics aENGLISH aFundamentals of Digital circuits aPhysics aPhysics aFundamentals of Digital circuits